Phonology /
Shranjeno v:
| Glavni avtor: | |
|---|---|
| Format: | Knjiga |
| Jezik: | English |
| Izdano: |
Basingstoke[England] :
Macmillan,
1993.
|
| Teme: | |
| Oznake: |
Označite
Brez oznak, prvi označite!
|
| Thư viện lưu trữ: | Mạng thư viện Đại học Đà Nẵng |
|---|
| LEADER | 00772cam a2200313 i 4500 | ||
|---|---|---|---|
| 001 | 000045500 | ||
| 003 | 4682 | ||
| 005 | 20030227162653.0 | ||
| 008 | 010220|1993 vm 000 eng | ||
| 020 | |a 0333519086 (pbk) | ||
| 040 | |a IRC |c IRC |d IRC | ||
| 041 | 0 | |a eng | |
| 082 | 1 | 4 | |a 414 |b CA-P |
| 100 | 1 | |a Carr, Philip, |d 1953- | |
| 245 | 0 | 0 | |a Phonology / |c Philip Carr. |
| 260 | |a Basingstoke[England] : |b Macmillan, |c 1993. | ||
| 300 | |a xi, 324p. | ||
| 630 | 0 | 4 | |a Grammar. |
| 650 | 0 | 4 | |a Grammar, comparative and general |x Phonology. |
| OWN | |a DUT | ||
| 999 | |a From the UDN01 | ||
| TYP | |a Monograph | ||
| TYP | |a Printed language | ||
| 980 | |a Mạng thư viện Đại học Đà Nẵng | ||


